000 00254nam a22001217a 4500
008 181101b xxu||||| |||| 00| 0 eng d
041 _aeng
080 _a621
100 _a27
101 _aENG
245 _aBioenergetics
_cAlbert.l.l
942 _2udc
_cBK
999 _c51441
_d51441